00861nam a2200241Ia 4500001000600000003000900006008004100015040001300056040001300069041001300082100002000095100002900115245009700144245002800241250001100269260000900280260001500289260004900304300005700353500015400410650002400564650003100588B3256IT-RoPAU130308s9999 xx 000 0 und d aIT-RoPAU cIT-RoPAU aFRANCESE aFeuerhahn Nelly gCodice Aut. SPICS: 37535 aHumour des confettis (L'): le dessin de presse et la representation ludique de l'information bImage Humoristique (L') a1a ed. aNICE bZ'Editions c1992 [1° Ed.:1992 - Ed.Ling.Originale:1992] a"15 p. (prefazione: no ; testo: 15 [pagine: 63-77])" aDisegno di Stampa e rappresentazione Ludica dell'Informazione. umorismo e Giochi della Figurazione. Infigurabile della Derisione. figure Enigmatiche. aSAGGI DI SEMIOLOGIA eCodice materia Spics: 3257